000 00299nam a2200121Ia 4500
008 220204s9999 xx 000 0 und d
082 _a677.1
_bHIG
245 0 _aHigh-tech fibers
260 _aNew Jersey
_bTechnical insights
_c1985
650 _aCarbon fibers
650 _aMetal fibers
942 _cBK
999 _c39683
_d39683